| 000 | 00630nam a2200181Ia 4500 | ||
|---|---|---|---|
| 003 | GCL | ||
| 008 | 140319s9999 xx 000 0 ara d | ||
| 040 |
_aGCL / _cGCL |
||
| 082 | 0 | 4 |
_a811.1 _bس ا |
| 100 | 1 | _aسعدى ضناوى | |
| 245 | 1 | 0 |
_aاثر الصحراء فى الشعر العربى / _cسعدى ضناوى |
| 260 |
_aبيروت : _bدار الفكر العربى ، _c1999 |
||
| 300 |
_a342 ص ؛ _c24 سم |
||
| 650 | 0 | 4 | _aالشعر العربى |
| 650 | 0 | 4 | _aالشعر العربى - تاريخ ونقد |
| 650 | 0 | 4 | _aالشعر العربى - تاريخ ونقد - العصر الجاهلى |
| 942 |
_2ddc _cBK |
||
| 999 |
_c2209 _d2209 |
||